| 000 | 00439cam a2200145ua 4500 | ||
|---|---|---|---|
| 041 |
_aeng _h |
||
| 082 |
_a028.74621 _bNIJ/EN |
||
| 100 | _aNijhaff, Martinus . | ||
| 245 |
_aEnergy research and development programme, second status report (1975-1978), Vol.2 / _cMartinus Nijhaff. _hTextual Documents |
||
| 260 |
_aLondon : _bMartinus Nijhaff Publishers , _c1977. |
||
| 300 | _a1060 ; . | ||
| 504 | _a | ||
| 942 | _cBK | ||
| 999 |
_c9966 _d9966 |
||